Представление документа в формате RUSMARC

ПолеНазваниеЗначение
  Тип записи a
  Библиографический уровень m
001 Контрольный номер RU/SLIB/B/208716875
005 Дата корректировки 20201206203931.7
010 Индекс ISBN __
d Цена 0-35
101 Язык документа __
a Язык текста rus
200 Заглавие и сведения об ответственности 0_
a Заглавие Гигиена и санитария предприятий общественного питания
f Первые сведения об ответственности Красницкая Е. С.
b Общее обозначение материала Текст
205 Сведения об издании __
a Основные сведения об издании 3-е изд., перераб. и доп.
210 Выходные данные __
a Место издания М.
c Издательство Экономика
d Дата издания 1979
215 Физическое описание __
a Объем 128 с.
606 Тематические рубрики __
a Основная рубрика Здравоохранение. Медицинские науки
606 Тематические рубрики __
a Основная рубрика Гигиена питания
610 Ключевые слова __
a Ключевые слова санитария производства; санитарные требования; предприятия общественного питания; гигиенические требования; гигиена пищевых предприятий
686 Индексы других классификаций __
a Классификационный индекс 51.236; ст51.23
700 Автор _1
a Фамилия Красницкая
b Имя Е. С.
4 Код отношения 070
801 Источник записи _0
a Страна RU
b Организация Муниципальное бюджетное учреждение культуры "Централизованная библиотечная система" г. Сургут (Центральная городская библиотека им. А. С. Пушкина)
g Правила каталогизации К/Пронина
801 Источник записи _1
a Страна RU
b Организация Муниципальное бюджетное учреждение культуры "Централизованная библиотечная система" г. Сургут (Центральная городская библиотека им. А. С. Пушкина)
g Правила каталогизации К/Пронина
852 Данные о местонахождении __
j Шифр хранения 51.236
c Каталожный индекс 51.23
i Авторский знак К 78
p Инвентарный номер 139062(с)
901 Тип документа __
t Тип документа m
903 Характеристики (МАРС) __
a Дата передачи 20080626
990 Данные о заказе (DOS) __
j Количество экземпляров (DOS) 1